[Event "Russian Championship G13 1st league 2016"]
[Site "Loo"]
[Date "2016.04.24"]
[Round "5.7"]
[White "Sharikova, Arina"]
[Black "Semenova, Daria"]
[Result "0-1"]
[WhiteElo "1381"]
[BlackElo "1441"]
[PlyCount "100"]
[EventDate "2016.04.20"]

1. e4 c6 2. d4 d5 3. e5 c5 4. c3 Nc6 5. h3 e6 6. Nf3 Nge7 7. Be2 Ng6 8. O-O Be7
9. Be3 cxd4 10. cxd4 O-O 11. Nc3 a6 12. Rc1 Bd7 13. Kh1 b5 14. Bd3 Rc8 15. Nh2
Na5 16. b3 Nc6 17. Qg4 Ba3 18. Rc2 Nb4 19. Bxg6 fxg6 20. Rcc1 Bxc1 21. Bxc1 Nd3
22. Bg5 Qe8 23. Nd1 Qf7 24. Qh4 Rc2 25. Nf3 h6 26. Be7 Rfc8 27. Bd6 g5 28. Qg4
Qf4 29. Qh5 Be8 30. Qg4 Qxg4 31. hxg4 Bg6 32. a3 Rc1 33. Kg1 Nf4 34. g3 Ne2+
35. Kh2 Bc2 36. Ne3 Bxb3 37. Rxc1 Rxc1 38. Nd2 Bc4 39. Bc5 Nc3 40. Kg2 Na4 41.
Bb4 Nb6 42. Bc5 Nd7 43. Bb4 Nb8 44. Bc5 Nc6 45. Nf3 Rc3 46. Nd1 Rc1 47. Ne3 Bd3
48. Kh2 Be4 49. Kg2 Na5 50. Bb4 Nb3 0-1

[Event "Russian Championship G13 1st league 2016"]
[Site "Loo"]
[Date "2016.04.24"]
[Round "5.8"]
[White "Safronova, Aleksandra"]
[Black "Ivanova, Anastasia"]
[Result "1-0"]
[WhiteElo "1686"]
[BlackElo "1460"]
[PlyCount "57"]
[EventDate "2016.04.20"]

1. e4 d6 2. d4 Nf6 3. Nc3 g6 4. Nf3 Bg7 5. Bc4 O-O 6. O-O Nbd7 7. a4 a5 8. h3
e5 9. Re1 h6 10. Be3 Qe7 11. Qd2 Kh7 12. Rad1 Nb6 13. Ba2 Re8 14. dxe5 dxe5 15.
Bxb6 cxb6 16. Qd6 Nd7 17. Qxe7 Rxe7 18. Nd5 Re6 19. Nc7 Rc6 20. Nxa8 Kg8 21. c3
Kf8 22. Bd5 Rc5 23. Nd2 f5 24. Nb3 Rc6 25. Bxc6 bxc6 26. exf5 gxf5 27. Rd6 c5
28. Nxb6 Nxb6 29. Rxb6 1-0

[Event "Russian Championship G13 1st league 2016"]
[Site "Loo"]
[Date "2016.04.24"]
[Round "5.9"]
[White "Larina, Tatiana"]
[Black "Kovtun, Tatyana"]
[Result "0-1"]
[WhiteElo "1666"]
[BlackElo "1419"]
[PlyCount "156"]
[EventDate "2016.04.20"]

1. e4 e6 2. d4 d5 3. e5 c5 4. c3 Qb6 5. Nf3 Bd7 6. Be2 Bb5 7. dxc5 Bxc5 8. b4
Bxf2+ 9. Kf1 Bd7 10. Qd2 Nh6 11. a4 a5 12. Bd3 Ng4 13. Qg5 Be3 14. Qxg7 Rf8 15.
bxa5 Rxa5 16. Ba3 Bc5 17. Qxg4 Bxa3 18. Rxa3 Na6 19. Qd4 Qb2 20. Qf2 Qc1+ 21.
Qe1 Qb2 22. Qd2 Qb6 23. Nd4 Nc5 24. Bb5 Bxb5+ 25. axb5 f6 26. Ke1 Rxa3 27. Nxa3
fxe5 28. Nf3 e4 29. Rf1 exf3 30. Rxf3 Rxf3 31. gxf3 Qa5 32. Nc2 Qxb5 33. Kf2
Qd3 34. Qxd3 Nxd3+ 35. Ke3 Nc5 36. Kd4 b6 37. Nb4 Kd7 38. Nc2 Kd6 39. f4 Ne4
40. Ne3 Nd2 41. Ng4 h5 42. Ne5 Nf1 43. h3 Ng3 44. Nf7+ Ke7 45. Ne5 Nf5+ 46. Kd3
Kd6 47. Nf3 Ne7 48. Ng5 Ng6 49. Ke3 Ke7 50. Nf3 Kd7 51. Ng5 Kd6 52. Nf7+ Ke7
53. Ng5 Kf6 54. Nf3 Kf7 55. Ng5+ Ke7 56. Nf3 Kf6 57. Nd4 Ne7 58. Ne2 e5 59. Kf3
e4+ 60. Ke3 Nf5+ 61. Kf2 Ke6 62. Nc1 Kd6 63. Ke2 Kc5 64. Kd2 b5 65. Ne2 b4 66.
cxb4+ Kxb4 67. Nc1 d4 68. Ne2 Kc4 69. Nc1 d3 70. Na2 e3+ 71. Kd1 Ng3 72. Nc1
Nf1 73. Na2 e2+ 74. Ke1 Kb3 75. Nc1+ Kc2 76. Nxd3 Kxd3 77. f5 Ne3 78. f6 Ng2+
0-1

[Event "Russian Championship G13 1st league 2016"]
[Site "Loo"]
[Date "2016.04.24"]
[Round "5.10"]
[White "Sidorova, Alyona"]
[Black "Zhurova, Anna"]
[Result "1/2-1/2"]
[WhiteElo "1375"]
[BlackElo "1595"]
[PlyCount "98"]
[EventDate "2016.04.20"]

1. d4 d5 2. c4 e6 3. Nc3 Nf6 4. Bg5 Nbd7 5. e3 Be7 6. Nf3 c6 7. cxd5 exd5 8.
Bd3 O-O 9. O-O Re8 10. Qc2 Nf8 11. Ne5 Ne4 12. Bxe7 Qxe7 13. Nxe4 dxe4 14. Bc4
Be6 15. Bxe6 Qxe6 16. f4 exf3 17. Rxf3 f6 18. Nd3 Qe4 19. Rd1 Qd5 20. a3 Ne6
21. Rg3 Ng5 22. Nf4 Qf7 23. d5 cxd5 24. Nxd5 Rad8 25. Qc4 Kh8 26. Rd4 Re5 27.
Nf4 Qxc4 28. Rxd8+ Qg8 29. Rxg8+ Kxg8 30. Ne2 Rb5 31. b4 a5 32. Rg4 axb4 33.
Rxb4 Rxb4 34. axb4 Ne6 35. Kf2 Kf7 36. Kf3 Ke7 37. Ke4 Kd6 38. Nd4 Nxd4 39.
Kxd4 f5 40. g3 g6 41. h3 h6 42. e4 b6 43. exf5 gxf5 44. Kc4 Kc6 45. b5+ Kd6 46.
Kd4 h5 47. h4 Ke6 48. Ke3 Ke5 49. Kf3 Ke6 1/2-1/2

[Event "Russian Championship G13 1st league 2016"]
[Site "Loo"]
[Date "2016.04.24"]
[Round "5.11"]
[White "Zarkova, Elizaveta"]
[Black "Zavgorodneva, Ekaterina"]
[Result "1/2-1/2"]
[WhiteElo "1372"]
[BlackElo "1531"]
[PlyCount "81"]
[EventDate "2016.04.20"]

1. d4 d5 2. c4 c6 3. cxd5 cxd5 4. Nc3 Nf6 5. Bf4 a6 6. e3 e6 7. Bd3 Nbd7 8. Nf3
Be7 9. O-O O-O 10. Rc1 b5 11. a3 Bb7 12. b4 Rc8 13. Ne2 Nb6 14. Rc3 Nc4 15. Qa1
h6 16. Rb1 Bd6 17. Bxd6 Qxd6 18. Ng3 Rc7 19. Qa2 Rfc8 20. Rbc1 Qb6 21. Nd2 Nxd2
22. Qxd2 Rxc3 23. Rxc3 Rxc3 24. Qxc3 Qc6 25. Qxc6 Bxc6 26. Kf1 Nd7 27. f4 Nb6
28. Ne2 Nc4 29. Bxc4 bxc4 30. Nc3 f6 31. a4 g6 32. g3 Kf7 33. Ke2 Ke7 34. h4
Kd6 35. Kf2 e5 36. g4 exd4 37. exd4 h5 38. g5 Ke6 39. a5 Kf5 40. Kf3 fxg5 41.
fxg5 1/2-1/2

[Event "Russian Championship G13 1st league 2016"]
[Site "Loo"]
[Date "2016.04.24"]
[Round "5.12"]
[White "Garafutdinova, Diana"]
[Black "Nikonorova, Melaniya"]
[Result "1/2-1/2"]
[WhiteElo "1530"]
[BlackElo "1419"]
[PlyCount "71"]
[EventDate "2016.04.20"]

1. e4 c5 2. Nf3 d6 3. d4 cxd4 4. Nxd4 Nf6 5. Nc3 a6 6. Bd3 e5 7. Nf3 Be6 8. Bg5
Be7 9. O-O Nbd7 10. Re1 Rc8 11. h3 O-O 12. Bf1 h6 13. Be3 Nb6 14. Nh4 Bc4 15.
Bxc4 Rxc4 16. Nf5 Nxe4 17. Nxe7+ Qxe7 18. Nd5 Qh4 19. Qd3 Nxd5 20. Qxd5 Rxc2
21. g3 Nf6 22. Qb3 Qc4 23. Qxb7 Qe6 24. Kg2 Qd5+ 25. Qxd5 Nxd5 26. Rad1 Nxe3+
27. Rxe3 Rxb2 28. Rxd6 Rxa2 29. Rxe5 Rc8 30. Rd7 a5 31. Ree7 Rf8 32. Ra7 a4 33.
Re4 Rd8 34. Rexa4 Rxa4 35. Rxa4 Kh7 36. h4 1/2-1/2

[Event "Russian Championship G13 1st league 2016"]
[Site "Loo"]
[Date "2016.04.24"]
[Round "5.13"]
[White "Mikhailina, Elena"]
[Black "Kudrevatykh, Anastasia"]
[Result "1-0"]
[WhiteElo "1529"]
[BlackElo "1396"]
[PlyCount "47"]
[EventDate "2016.04.20"]

1. e4 c5 2. Nf3 g6 3. d4 cxd4 4. Nxd4 Bg7 5. c4 d6 6. Nc3 Nf6 7. Be2 Qb6 8. Be3
Qxb2 9. Na4 Qb4+ 10. Bd2 Qa3 11. Nb5 Nxe4 12. Nxa3 Bxa1 13. Qxa1 O-O 14. Bh6
Nf6 15. Bxf8 Kxf8 16. O-O Bd7 17. Nc3 Nc6 18. Nd5 Kg7 19. Nxf6 exf6 20. Rd1 Ne5
21. Rxd6 Rd8 22. f4 Nc6 23. Qxf6+ Kg8 24. Rxc6 1-0

[Event "Russian Championship G13 1st league 2016"]
[Site "Loo"]
[Date "2016.04.24"]
[Round "5.14"]
[White "Tolstykh, Arina"]
[Black "Andreeva, Anastasiia"]
[Result "0-1"]
[WhiteElo "1254"]
[BlackElo "1513"]
[PlyCount "74"]
[EventDate "2016.04.20"]

1. d4 Nf6 2. Nf3 e6 3. c4 c5 4. e3 cxd4 5. exd4 d5 6. Nc3 b6 7. Bg5 dxc4 8.
Bxc4 Bb7 9. O-O Be7 10. Bb5+ Nfd7 11. Bxe7 Qxe7 12. Ne5 a6 13. Bxd7+ Nxd7 14.
Nxd7 Qxd7 15. Qg4 f6 16. Rfe1 Kf7 17. Rad1 Bd5 18. Rd3 g6 19. Rde3 Rhe8 20. Qf4
Qc6 21. Nxd5 exd5 22. Rxe8 Rxe8 23. Rc1 Qe6 24. h3 Re7 25. Qb8 g5 26. Rc8 Qe1+
27. Kh2 Qxf2 28. Rf8+ Kg6 29. Rg8+ Kf5 30. Qc8+ Ke4 31. Qg4+ Qf4+ 32. Qxf4+
Kxf4 33. Rb8 Re6 34. Rh8 Re2 35. Ra8 Rxb2 36. Rxa6 Ke4 37. a4 Kxd4 0-1

[Event "Russian Championship G13 1st league 2016"]
[Site "Loo"]
[Date "2016.04.24"]
[Round "5.15"]
[White "Kokueva, Alisa"]
[Black "Lobanova, Milana"]
[Result "1-0"]
[WhiteElo "1512"]
[BlackElo "1316"]
[PlyCount "90"]
[EventDate "2016.04.20"]

1. e4 c6 2. d4 d5 3. Nc3 dxe4 4. Nxe4 Nf6 5. Nxf6+ exf6 6. c3 Bd6 7. Bd3 O-O 8.
Ne2 Re8 9. O-O Nd7 10. Qc2 Nf8 11. Bd2 Qc7 12. Ng3 Bd7 13. Rae1 Ng6 14. c4 b6
15. b4 Bf4 16. Bxf4 Qxf4 17. Qc3 Nh4 18. Re4 Rxe4 19. Bxe4 Re8 20. Bc2 Qg4 21.
a3 f5 22. f4 Qg6 23. Re1 Rxe1+ 24. Qxe1 Qd6 25. Qe3 Qe6 26. Qxe6 fxe6 27. Kf2
Ng6 28. Ne2 Kf7 29. g3 Ne7 30. Nc1 h6 31. Nd3 Ng6 32. Bb3 h5 33. h4 a5 34. bxa5
bxa5 35. Nc5 Bc8 36. Ba4 Ne7 37. Nb3 Ke8 38. Nxa5 Kd7 39. Bc2 Ba6 40. Bd3 Nd5
41. cxd5 Bxd3 42. dxe6+ Kxe6 43. Nxc6 Kd5 44. Nb4+ Kxd4 45. Nxd3 Kxd3 1-0

[Event "Russian Championship G13 1st league 2016"]
[Site "Loo"]
[Date "2016.04.24"]
[Round "5.17"]
[White "Tokmakova, Ulyana"]
[Black "Kombar, Mariya"]
[Result "0-1"]
[WhiteElo "1175"]
[BlackElo "1497"]
[PlyCount "70"]
[EventDate "2016.04.20"]

1. f4 d5 2. Nf3 c5 3. g3 Nc6 4. Bg2 f6 5. b3 e5 6. fxe5 fxe5 7. Bb2 Bd6 8. e3
Nf6 9. d3 O-O 10. O-O Be6 11. Ng5 Bg4 12. Qd2 Qe7 13. Nc3 Be6 14. Rad1 Rad8 15.
Nxe6 Qxe6 16. Rf2 a6 17. Rdf1 Kh8 18. Qe2 Be7 19. Rf5 g6 20. R5f2 b5 21. a3 Kg7
22. Nb1 Rf7 23. Nd2 Rdf8 24. c4 bxc4 25. dxc4 d4 26. exd4 Nxd4 27. Bxd4 cxd4
28. Nf3 Nd7 29. Nxd4 Qb6 30. Rxf7+ Rxf7 31. Rxf7+ Kxf7 32. Qf3+ Nf6 33. Qf1
Qxd4+ 34. Kh1 Kg7 35. a4 e4 0-1

[Event "Russian Championship G13 1st league 2016"]
[Site "Loo"]
[Date "2016.04.24"]
[Round "5.18"]
[White "Vorobieva, Varvara"]
[Black "Tumashevich, Elizaveta"]
[Result "1/2-1/2"]
[WhiteElo "1480"]
[BlackElo "1305"]
[PlyCount "78"]
[EventDate "2016.04.20"]

1. e4 c5 2. c3 d6 3. d4 cxd4 4. cxd4 Nf6 5. Nc3 g6 6. Bc4 Bg7 7. Nf3 O-O 8. O-O
Nc6 9. h3 Bd7 10. Be3 Rc8 11. Qe2 a6 12. Rac1 b5 13. Bd3 Nb4 14. Bb1 e6 15. a3
Nc6 16. Rfd1 d5 17. e5 Ne8 18. Nd2 f6 19. f4 fxe5 20. fxe5 Na5 21. b4 Nc4 22.
Nxc4 dxc4 23. Qd2 Bc6 24. Rf1 Nc7 25. Rxf8+ Qxf8 26. Rf1 Qe7 27. Bg5 Qd7 28.
Be4 Nd5 29. Bxd5 Bxd5 30. Be3 Rd8 31. Qe2 Qc6 32. Qb2 Rf8 33. Rc1 Rf5 34. Ra1
Qb6 35. Re1 Qc6 36. Ra1 Qb6 37. Re1 Qc6 38. Ra1 Qb6 39. Re1 Qc6 1/2-1/2

[Event "Russian Championship G13 1st league 2016"]
[Site "Loo"]
[Date "2016.04.24"]
[Round "5.19"]
[White "Nasonova, Elizaveta"]
[Black "Pogorelskikh, Sofia"]
[Result "0-1"]
[WhiteElo "1410"]
[BlackElo "1686"]
[PlyCount "69"]
[EventDate "2016.04.20"]

1. d4 Nf6 2. c4 g6 3. Nc3 Bg7 4. Bf4 O-O 5. e3 d6 6. Nf3 c5 7. Be2 Nh5 8. Bg3
Nxg3 9. fxg3 cxd4 10. exd4 Nc6 11. Qd2 Bg4 12. d5 Bxf3 13. Bxf3 Ne5 14. Be2 Rc8
15. b3 b5 16. O-O bxc4 17. bxc4 Nxc4 18. Bxc4 Rxc4 19. Rac1 Qb6+ 20. Kh1 Rfc8
21. Ne2 Rxc1 22. Rxc1 Rxc1+ 23. Qxc1 Qc5 24. Qxc5 dxc5 25. Kg1 Kf8 26. Kf2 Ke8
27. Ke3 c4 28. g4 Kd7 29. Ke4 Kd6 30. h3 c3 31. Kd3 Kxd5 32. Nxc3+ Bxc3 33.
Kxc3 Ke4 34. Kb4 e5 35. Kb5 0-1

[Event "Russian Championship G13 1st league 2016"]
[Site "Loo"]
[Date "2016.04.24"]
[Round "5.20"]
[White "Timofeeva, Juliya"]
[Black "Korobitsyna, Olesya"]
[Result "0-1"]
[WhiteElo "1393"]
[BlackElo "1607"]
[PlyCount "54"]
[EventDate "2016.04.20"]

1. e4 g6 2. d4 Bg7 3. Nf3 d6 4. Nc3 Nf6 5. Bc4 O-O 6. O-O Nbd7 7. Bf4 c5 8. Bg3
b6 9. e5 Nh5 10. exd6 Nxg3 11. dxe7 Qxe7 12. Re1 Qd8 13. hxg3 Bb7 14. Bd5 Qc8
15. Bxb7 Qxb7 16. Ne2 Rad8 17. c3 cxd4 18. Nexd4 Nc5 19. Qc2 Qd5 20. a3 Rfe8
21. Rxe8+ Rxe8 22. Rd1 Qb7 23. Nb5 Qb8 24. Re1 Rxe1+ 25. Nxe1 Qe8 26. Nd3 Qxb5
27. Nxc5 Qxc5 0-1

[Event "Russian Championship G13 1st league 2016"]
[Site "Loo"]
[Date "2016.04.24"]
[Round "5.21"]
[White "Tinina, Kristina"]
[Black "Targyn, Belek"]
[Result "1-0"]
[WhiteElo "1595"]
[BlackElo "1380"]
[PlyCount "59"]
[EventDate "2016.04.20"]

1. e4 e6 2. d4 d5 3. Nc3 Bb4 4. e5 c5 5. a3 Qa5 6. Bb5+ Qxb5 7. axb4 Qxb4 8.
Ra4 Qb6 9. Qg4 g6 10. Nxd5 Qc6 11. Nc3 cxd4 12. Rxd4 Qc5 13. Nf3 Nc6 14. Rc4
Qa5 15. Ra4 Nxe5 16. Nxe5 Qxe5+ 17. Be3 Nh6 18. Qd4 Qxd4 19. Bxd4 O-O 20. Rxa7
Rxa7 21. Bxa7 Rd8 22. O-O Rd2 23. Be3 Rxc2 24. Bxh6 Rxb2 25. Rd1 f6 26. Rd8+
Kf7 27. Rxc8 g5 28. h3 Rc2 29. Rc7+ Kg6 30. Bf8 1-0

[Event "Russian Championship G13 1st league 2016"]
[Site "Loo"]
[Date "2016.04.24"]
[Round "5.22"]
[White "Izbekova, Evdokia"]
[Black "Makarova, Anastasiya"]
[Result "1/2-1/2"]
[WhiteElo "1509"]
[BlackElo "1385"]
[PlyCount "82"]
[EventDate "2016.04.20"]

1. e4 c5 2. c3 d5 3. exd5 Qxd5 4. d4 cxd4 5. cxd4 e6 6. Nc3 Qd8 7. a3 Nf6 8.
Nf3 Be7 9. Bc4 O-O 10. Bf4 a6 11. O-O b6 12. d5 exd5 13. Nxd5 b5 14. Bc7 Qe8
15. Nb6 Bb7 16. Nxa8 bxc4 17. Nb6 Qc6 18. Bxb8 Rxb8 19. Na4 Qb5 20. Nc3 Qxb2
21. Qc1 Qxc1 22. Rfxc1 Bxf3 23. gxf3 Rb3 24. Ne4 Rxf3 25. Nxf6+ gxf6 26. Rxc4
Bxa3 27. Ra4 Bc5 28. R1a2 Rf5 29. Rg4+ Rg5 30. Rxg5+ fxg5 31. Rxa6 Kg7 32. Ra5
Be7 33. Kg2 Kg6 34. h3 h6 35. Rd5 f6 36. Kg3 f5 37. f4 Bf6 38. Rd6 Kg7 39. Re6
Kf7 40. Ra6 Kg7 41. fxg5 hxg5 1/2-1/2

[Event "Russian Championship G13 1st league 2016"]
[Site "Loo"]
[Date "2016.04.24"]
[Round "5.23"]
[White "Frolova, Lada"]
[Black "Belova, Ksenia"]
[Result "1/2-1/2"]
[WhiteElo "1378"]
[BlackElo "1474"]
[PlyCount "84"]
[EventDate "2016.04.20"]

1. e4 c5 2. Nf3 Nc6 3. d4 cxd4 4. Nxd4 g6 5. Nc3 Bg7 6. Be3 Nf6 7. Nxc6 bxc6 8.
e5 Ng8 9. f4 Nh6 10. Qd2 O-O 11. O-O-O Nf5 12. g4 Nxe3 13. Qxe3 Qa5 14. Bc4 Qb4
15. Bb3 Rb8 16. Qe4 Qxe4 17. Nxe4 Rb4 18. Rhe1 Rd8 19. a3 Rb6 20. g5 h6 21. h4
h5 22. Rf1 Ba6 23. Rf2 e6 24. Nc5 Bc8 25. Rfd2 Bf8 26. Nxd7 Rxd7 27. Rxd7 Bxd7
28. Rxd7 a5 29. Rd3 Bc5 30. Kd2 Bf2 31. Rh3 Bd4 32. Kc1 a4 33. Bxa4 Bxb2+ 34.
Kd2 Ra6 35. Bb3 Rxa3 36. Rh1 Ra1 37. Rxa1 Bxa1 38. Ke2 Bd4 39. Ba4 c5 40. c4
Kf8 41. Bb5 Ke7 42. Ba4 Bg1 1/2-1/2

[Event "Russian Championship G13 1st league 2016"]
[Site "Loo"]
[Date "2016.04.24"]
[Round "5.24"]
[White "Spiridonova, Maria"]
[Black "Volkova, Alina"]
[Result "0-1"]
[WhiteElo "1275"]
[BlackElo "1469"]
[PlyCount "90"]
[EventDate "2016.04.20"]

1. e4 e6 2. d4 d5 3. Nd2 Nf6 4. exd5 exd5 5. Ngf3 Bf5 6. Nb3 Bd6 7. Bd3 Qc8 8.
Bxf5 Qxf5 9. Qe2+ Qe4 10. Qxe4+ Nxe4 11. O-O O-O 12. Re1 Nc6 13. Nbd2 Nf6 14.
Nf1 Rfe8 15. Bd2 Ne4 16. c3 Re6 17. Ne3 Rae8 18. Re2 Nf6 19. Rae1 Bf4 20. Kf1
Bxe3 21. Rxe3 Rxe3 22. Rxe3 Rxe3 23. Bxe3 Kf8 24. Bf4 Ne8 25. Ke2 Ke7 26. Kd3
h6 27. b3 Nd8 28. h3 c6 29. Bb8 a6 30. Bg3 Ne6 31. c4 Nf6 32. cxd5 Nxd5 33. Kc4
b5+ 34. Kd3 Nb4+ 35. Kd2 Nxa2 36. Kd3 Nc1+ 37. Kc3 Ne2+ 38. Kb4 N6xd4 39. Nxd4
Nxd4 40. Be5 Ne6 41. Ka5 g6 42. Kxa6 Nc5+ 43. Kb6 Nd7+ 44. Kxc6 Nxe5+ 45. Kxb5
Kd6 0-1

[Event "Russian Championship G13 1st league 2016"]
[Site "Loo"]
[Date "2016.04.24"]
[Round "5.25"]
[White "Silchenko, Karina"]
[Black "Sych, Alina"]
[Result "1-0"]
[WhiteElo "1310"]
[BlackElo "1442"]
[PlyCount "93"]
[EventDate "2016.04.20"]

1. e4 c5 2. Nf3 d6 3. c4 g6 4. d4 Bg7 5. dxc5 Qa5+ 6. Bd2 Qxc5 7. Nc3 Nf6 8.
Bd3 O-O 9. O-O Qc7 10. Re1 Nc6 11. h3 b6 12. Qc1 Bb7 13. Nd5 Qd7 14. Nxf6+ Bxf6
15. Bc3 Bxc3 16. Qxc3 e5 17. Rad1 Rad8 18. b4 f5 19. c5 Nd4 20. Bc4+ Kh8 21.
Nxd4 exd4 22. Qxd4+ Qg7 23. Qxg7+ Kxg7 24. exf5 d5 25. Re7+ Rf7 26. Rxf7+ Kxf7
27. fxg6+ hxg6 28. Bb3 bxc5 29. bxc5 Bc6 30. Rd4 Rd7 31. Kf1 Kf6 32. Ba4 Bxa4
33. Rxa4 d4 34. Ra6+ Ke5 35. Rxg6 Ke4 36. Re6+ Kd3 37. Rd6 Rb7 38. g4 Kc4 39.
c6 Rc7 40. g5 d3 41. Ke1 Rc8 42. g6 Rb8 43. f3 Re8+ 44. Kd1 Rb8 45. Ke1 Rb1+
46. Kf2 d2 47. c7 1-0

[Event "Russian Championship G13 1st league 2016"]
[Site "Loo"]
[Date "2016.04.24"]
[Round "5.26"]
[White "Pichnenko, Nina"]
[Black "Starostina, Alexandra"]
[Result "0-1"]
[WhiteElo "1439"]
[BlackElo "1345"]
[PlyCount "108"]
[EventDate "2016.04.20"]

1. e4 e5 2. Nf3 d6 3. Bc4 c6 4. Nc3 Be7 5. d4 Nd7 6. dxe5 dxe5 7. Be3 Ngf6 8.
h3 Qc7 9. Qd2 Nc5 10. Bxc5 Bxc5 11. O-O O-O 12. Rad1 h6 13. Kh1 Bd7 14. Nh2
Rad8 15. Qe2 Rfe8 16. Bxf7+ Kxf7 17. Qc4+ Be6 18. Qxc5 b6 19. Qe3 Kg8 20. b3
Bf7 21. f3 Re7 22. Rxd8+ Qxd8 23. Rd1 Rd7 24. Rxd7 Qxd7 25. Qd3 Qe7 26. Ng4
Nxg4 27. fxg4 Qf6 28. Qf3 Qh4 29. Kh2 Qe1 30. Qd3 Qf2 31. Qd8+ Kh7 32. Qd1 Bg6
33. Qe2 Qxe2 34. Nxe2 Bxe4 35. c3 Bd3 36. Nc1 e4 37. Kg3 Kg6 38. h4 Kf6 39. Kf4
g5+ 40. hxg5+ hxg5+ 41. Ke3 Ke5 42. Nxd3+ exd3 43. Kxd3 Kf4 44. Ke2 Kxg4 45.
Kf2 Kf4 46. g3+ Ke4 47. c4 c5 48. a3 a6 49. g4 a5 50. Kg3 Ke3 51. a4 Ke4 52.
Kh2 Kf4 53. Kh3 Kf3 54. Kh2 Kxg4 0-1

[Event "Russian Championship G13 1st league 2016"]
[Site "Loo"]
[Date "2016.04.24"]
[Round "5.27"]
[White "Tletseri, Julietta"]
[Black "Pripisnova, Aleksandra"]
[Result "1-0"]
[WhiteElo "1546"]
[BlackElo "1263"]
[PlyCount "105"]
[EventDate "2016.04.20"]

1. e4 c6 2. d4 d5 3. exd5 cxd5 4. c4 Nf6 5. h3 Bf5 6. Nc3 Nc6 7. Nf3 Nb4 8.
Qa4+ Nc6 9. Qb5 e6 10. Ne5 Qc7 11. cxd5 a6 12. Qa4 Nxd5 13. Nxd5 exd5 14. Nxc6
Qxc6 15. Qxc6+ bxc6 16. Bd2 Rb8 17. b3 Bb4 18. Bxa6 Bxd2+ 19. Kxd2 O-O 20. Rae1
Bg6 21. Bd3 Bxd3 22. Kxd3 f5 23. Re5 Rbe8 24. Rhe1 Ra8 25. R1e2 f4 26. Rc2 Rf6
27. Kc3 f3 28. g3 Kf7 29. Kb2 Ra6 30. Rc3 g6 31. Ree3 Ra7 32. Rxf3 Rxf3 33.
Rxf3+ Kg7 34. Re3 Kf6 35. Re5 Rf7 36. a4 Rb7 37. Ka3 Kf7 38. b4 Kf6 39. a5 Kf7
40. Re2 Kf6 41. Rc2 Kf5 42. Rxc6 Ke4 43. a6 Ra7 44. b5 Kxd4 45. Kb4 Ke5 46. Ka5
d4 47. Rc8 Rd7 48. Rc1 d3 49. Kb6 d2 50. Rd1 Ke4 51. a7 Rxa7 52. Kxa7 Kd3 53.
b6 1-0

[Event "Russian Championship G13 1st league 2016"]
[Site "Loo"]
[Date "2016.04.24"]
[Round "5.28"]
[White "Abrarova, Rimma"]
[Black "Taranenko, Polina"]
[Result "1-0"]
[WhiteElo "1529"]
[BlackElo "1226"]
[PlyCount "55"]
[EventDate "2016.04.20"]

1. e4 e5 2. Nf3 Nc6 3. Bc4 Nf6 4. Ng5 d5 5. exd5 Na5 6. Bb5+ c6 7. dxc6 bxc6 8.
Qf3 Bb7 9. Ba4 h6 10. Ne4 Be7 11. Nbc3 O-O 12. d3 Nxe4 13. Nxe4 c5 14. Qg3 Qd4
15. Bxh6 g6 16. Bxf8 Rxf8 17. Bb3 Nxb3 18. axb3 Qxb2 19. O-O Qxc2 20. Rxa7 Qxb3
21. Qxe5 Bxe4 22. Qxe7 Bxd3 23. Re1 c4 24. Qf6 Qb4 25. Re8 Kh7 26. Re3 Rb8 27.
Rh3+ Kg8 28. Qh8# 1-0

[Event "Russian Championship G13 1st league 2016"]
[Site "Loo"]
[Date "2016.04.24"]
[Round "5.29"]
[White "Pavlosiuk, Vlada"]
[Black "Abramova, Maria"]
[Result "1-0"]
[WhiteElo "1318"]
[BlackElo "1507"]
[PlyCount "57"]
[EventDate "2016.04.20"]

1. e4 c5 2. Nf3 Nc6 3. d4 cxd4 4. Nxd4 g6 5. Nc3 Bg7 6. Be3 Nf6 7. Bc4 d6 8. f3
Bd7 9. Qd2 Nxd4 10. Bxd4 Qc7 11. Bb3 Bc6 12. O-O-O a6 13. g4 O-O 14. h4 b5 15.
h5 b4 16. Nb1 a5 17. hxg6 e6 18. Bxf6 Bxf6 19. Rxh7 Bg7 20. Rdh1 Qe7 21. Rh8+
Bxh8 22. Rxh8+ Kg7 23. Qh6+ Kf6 24. Qh4+ Ke5 25. Rh5+ f5 26. Qxe7 Rh8 27. Qg7+
Kf4 28. Rxh8 Rxh8 29. Qxh8 1-0

[Event "Russian Championship G13 1st league 2016"]
[Site "Loo"]
[Date "2016.04.24"]
[Round "5.30"]
[White "Senkovskaya, Irina"]
[Black "Surkova, Ekaterina"]
[Result "0-1"]
[WhiteElo "1293"]
[BlackElo "1482"]
[PlyCount "70"]
[EventDate "2016.04.20"]

1. e4 d5 2. exd5 Qxd5 3. Nc3 Qa5 4. d4 Nf6 5. Bc4 Bf5 6. Nf3 c6 7. Bd2 Qc7 8.
O-O Nbd7 9. Re1 e6 10. Rb1 Nb6 11. Bb3 O-O-O 12. a4 Bg4 13. Ba2 Rxd4 14. Re3
Bxf3 15. Rxf3 Qd7 16. Rd3 Rxd3 17. cxd3 Qxd3 18. Be3 Qxd1+ 19. Rxd1 Bb4 20.
Bxb6 axb6 21. Ne2 Kc7 22. h3 Nd5 23. Rd3 Bd6 24. Rf3 Nf6 25. g4 h6 26. h4 Rf8
27. g5 hxg5 28. hxg5 Ne4 29. g6 Ng5 30. Re3 fxg6 31. Bxe6 Bc5 32. Rg3 Bxf2+ 33.
Kg2 Bxg3 34. Kxg3 Nxe6 35. Kg2 Nc5 0-1

[Event "Russian Championship G13 1st league 2016"]
[Site "Loo"]
[Date "2016.04.24"]
[Round "5.31"]
[White "Kulagina, Karina"]
[Black "Shamsutdinova, Karina"]
[Result "0-1"]
[WhiteElo "1244"]
[BlackElo "1437"]
[PlyCount "94"]
[EventDate "2016.04.20"]

1. e4 c5 2. d4 cxd4 3. Qxd4 Nc6 4. Qd1 Qc7 5. Nc3 e6 6. Nf3 a6 7. a4 Nf6 8. h3
Bb4 9. Bd3 Bxc3+ 10. bxc3 Ne5 11. Bd2 Nxf3+ 12. Qxf3 b6 13. O-O Bb7 14. Rfe1
O-O 15. Qf4 Qxf4 16. Bxf4 d5 17. exd5 Bxd5 18. Be5 Bc6 19. Bd4 b5 20. axb5 Bxb5
21. Bxb5 axb5 22. Reb1 h6 23. Rxa8 Rxa8 24. Rxb5 Ra1+ 25. Kh2 Ra2 26. Rb8+ Kh7
27. Rc8 Rxc2 28. c4 Ne4 29. Kg1 Rc1+ 30. Kh2 f6 31. c5 Nd2 32. h4 e5 33. Bb2
Rb1 34. Bc3 Nf1+ 35. Kh3 Rb3 36. g3 Rxc3 37. Kg4 Kg6 38. h5+ Kf7 39. Kf5 Rf3+
40. Ke4 Rxf2 41. c6 Ke6 42. Rg8 Nxg3+ 43. Ke3 Rc2 44. Rc8 Kd6 45. Rd8+ Kc7 46.
Re8 Rxc6 47. Kf3 Nxh5 0-1

[Event "Russian Championship G13 1st league 2016"]
[Site "Loo"]
[Date "2016.04.24"]
[Round "5.32"]
[White "Baneva, Darina"]
[Black "Shagimardanova, Ramilya"]
[Result "1/2-1/2"]
[WhiteElo "1255"]
[BlackElo "1413"]
[PlyCount "82"]
[EventDate "2016.04.20"]

1. e4 c5 2. Nf3 e6 3. c3 Nc6 4. d4 d5 5. e5 Nge7 6. Bg5 Qb6 7. Bxe7 Bxe7 8. Qd2
cxd4 9. cxd4 O-O 10. Nc3 f6 11. Bb5 Bb4 12. Bxc6 bxc6 13. O-O Ba6 14. Rfe1 Rab8
15. exf6 Rxf6 16. Ne5 Qc7 17. a3 Bd6 18. Rac1 Bc4 19. Na4 Rbf8 20. f3 Bxe5 21.
Rxe5 Rg6 22. Qe3 Qf7 23. Rc3 Rg4 24. Rxe6 Rxd4 25. Qxd4 Qxe6 26. Re3 Qg6 27.
Nc3 a6 28. b4 Qf6 29. Qxf6 Rxf6 30. Ne2 Bxe2 31. Rxe2 Kf7 32. Kf2 Re6 33. Rxe6
Kxe6 34. Ke3 Ke5 35. f4+ Kf5 36. h3 h5 37. g3 g6 38. a4 Ke6 39. g4 h4 40. Kd4
Kf6 41. a5 Ke6 1/2-1/2

[Event "Russian Championship G13 1st league 2016"]
[Site "Loo"]
[Date "2016.04.24"]
[Round "5.34"]
[White "Arefieva, Olga"]
[Black "Ustinovitch, Angelina"]
[Result "0-1"]
[WhiteElo "1492"]
[BlackElo "1206"]
[PlyCount "74"]
[EventDate "2016.04.20"]

1. e4 c5 2. Nf3 d6 3. d4 cxd4 4. Nxd4 Nf6 5. Nc3 a6 6. h3 e5 7. Nde2 Be7 8. g4
Be6 9. Ng3 Nc6 10. Be3 d5 11. exd5 Nxd5 12. Nxd5 Qxd5 13. Qxd5 Bxd5 14. Rh2 Nb4
15. O-O-O Rc8 16. c3 Bxa2 17. Nf5 Bb3 18. Re1 f6 19. Nxg7+ Kf7 20. Nf5 Rhd8 21.
Bd4 Rd7 22. Nxe7 Kxe7 23. f4 Rxd4 24. Kb1 Rxf4 25. cxb4 Rxb4 26. Rd2 b5 27.
Red1 Rc7 28. Bd3 Bxd1 29. Rxd1 Rd4 30. Bc2 Rxd1+ 31. Bxd1 Kd6 32. Bc2 h6 33.
Bd3 Kd5 34. b4 Rc3 35. Bc2 Rxh3 36. Kb2 e4 37. Bxe4+ Kxe4 0-1